00875nam a2200181 a 450000100100000000500170001000800410002704000250006810000370009324501560013026000520028650000760033850000420041404900090045695201050046595201060057099900170067600002623020200930024419.0110307s1959 dr 000 0 spa d aDO-SdBNPbspacBNPHU1 aComprés Pérez, Rafael95325913aLa República Dominicana y España :buna misma religión, una misma cultura y un destino común; mensajes y discursos /cRafael Comprés Pérez. aMadrid :bEditora Taller Gráfico Cies,c1959. aMensaje y discursos del excelentísimo Sr. D. Rafael Comprés Pérez aIncluye notas al pie de las páginas aBNPD 0010718PDaPDbPDcCTd2011-03-07iLF1l0o p26230-10r2020-06-25w2020-06-25yLFPDZNo se presta 00107-18PDaPDbPDcOId2011-03-07iLF1l0o p26231-10r2020-06-25w2020-06-25yLFPDZNo se presta c25722d25722